Construction planning, equipment, and methods / Robert L. Peurifoy, P.E., Late Consulting Engineering, Austin, Texas [and three others]. (Record no. 22267)

000 -LEADER
fixed length control field 01992nam a2200241 4500
020 ## - INTERNATIONAL STANDARD BOOK NUMBER
ISBN 978126010880
082 ## - DEWEY DECIMAL CLASSIFICATION NUMBER
Classification number 624
Item number P514 2018
100 ## - MAIN ENTRY--AUTHOR NAME
Personal name Peurifoy, Robert L., author.
245 ## - TITLE STATEMENT
Title Construction planning, equipment, and methods / Robert L. Peurifoy, P.E., Late Consulting Engineering, Austin, Texas [and three others].
250 ## - EDITION STATEMENT
Edition statement Ninth edition.
260 ## - PUBLICATION, DISTRIBUTION, ETC. (IMPRINT)
Place of publication New York :
Name of publisher McGraw-Hill Education,
Year of publication 2018.
300 ## - PHYSICAL DESCRIPTION
Number of Pages 1 online resource,1282 pages :
Other physical details illustrations (some color).
500 ## - GENERAL NOTE
General note Includes bibliographical references and index.
505 ## - FORMATTED CONTENTS NOTE
Formatted contents note Machines make it possible -- Equipment economics -- Planning for earthwork construction -- Soil and rock -- Compaction and stabilization equipment -- Mobile equipment power requirements -- Dozers -- Scrapers -- Excavators -- Trucks and hauling equipment -- Finishing equipment -- Drilling rock and earth -- Blasting rock -- Aggregate production -- Asphalt mix production and placement -- Concrete and concrete equipment -- Cranes -- Piles and pile-driving equipment -- Air compressors and pumps -- Planning for building construction -- Forming systems -- Appedices.
520 ## - SUMMARY, ETC.
Summary, etc "Follows in the footsteps of previous editions by laying out the fundamentals of machine utilization and production estimating in a logical, simple, and concise format. The book discusses the latest technologies and capabilities and offers real-world applications. Examples and illustrations showcase the latest equipment models and end-of-chapter summaries and homework problems reinforce salient points. You will explore construction economics, earthwork, and soil and rock properties. Safety procedures and financial considerations are thoroughly explained in this comprehensive guide"
650 ## - SUBJECT ADDED ENTRY--TOPICAL TERM
Topical Term Building
650 ## - SUBJECT ADDED ENTRY--TOPICAL TERM
Topical Term Construction
-- Equipment
650 ## - SUBJECT ADDED ENTRY--TOPICAL TERM
Topical Term Construction
-- Methods
700 ## - ADDED ENTRY--PERSONAL NAME
Personal name Schexnayder, Clifford J., author.
700 ## - ADDED ENTRY--PERSONAL NAME
Personal name Shapira, Aviad, author.
700 ## - ADDED ENTRY--PERSONAL NAME
Personal name Schmitt, Robert L.,author.
942 ## - ADDED ENTRY ELEMENTS (KOHA)
Koha item type Electronic Books
Holdings
Source of acquisition Permanent Location Date acquired Collection code Koha item type Lost status Shelving location Withdrawn status Current Location Full call number
DonationCagayan State University - Carig Library2026-04-15E-BooksElectronic Books E-Resource Section Cagayan State University - Carig Library624 P514 2018

Cagayan State University University Library, Carig Campus
Tuguegarao City, Cagayan 3500 | www.csucarig.edu.ph

Powered by Koha